000 00932nam a2200265Ia 4500
003 OSt
005 20221005110643.0
006 a|||||r|||| 00| 0
007 ta
008 221004b |||||||| |||| 00| 0 hin d
020 _a9788126723522 (hbk)
_c350
024 _a12573
037 _bBR8180, 20/03/2014, Rajkamal Prakashan Pvt. Ltd.
_cTextual
040 _aCRL
_cCRL
_bhin
041 _2hin
_ahin
082 _aO152,1N37x, Q3
100 _aलाठ, मुकुंद
245 0 _aअनरहनी रहने दो
246 _aAnarahanī rahane do
260 _aनई दिल्ली
_bराजकमल प्रकाशन भारत
_c2013
300 _a207पृ0
_ccm.
650 _aहिन्दी साहित्य
942 _hO152,1N37x, Q3
_cTEXL
_2cc
999 _c1019486
_d1019486